000 00710nam a2200241Ia 4500
003 OSt
005 20220925214918.0
006 a|||||r|||| 00| 0
007 ta
008 220923b |||||||| |||| 00| 0 eng d
037 _cGeneral Book
040 _aRTL
_cRTL
_beng
041 _2eng
_aeng
082 _aX:516:(Z3), K6
100 _aHunter Alex
_9281342
245 0 _aCompetition and the law
260 _aLondon
_bGeroge Allen & Unwin LTD
_c1966
300 _a328p
_ccm.
490 _aUniversity of Glasgow, Social and Economic Studies, New Series ed by D J Robertson,7
650 _aCompetition
942 _hX:516:(Z3), K6
_cGB
_2CC
999 _c567173
_d567173